00868nam a22002532a 450000100060000000300080000600500170001400800410003103500510007204000370012304100080016008200260016811000170019424500270021126000690023830000270030749000250033465000280035965000260038783000320041394200120044599900170045795201400047416632BD-RjUL20211209000032.0140215r19651961enka 000 0 eng d a(BD-RjUL)16687aOCLC ocm07531212 from D960503M aIMDcIMDdUKMdEQOdBD-RjULbeng aeng00219a796.358bMCC 1965 aM C C95138800aCricket - how to play. aLondon :b Educational Productions Ltd,cc1961[ Reprinted 1965]. a94 p. :bill. ;c19 cm1 aPlay the game series 0aCricketxHistory951382 0aCricketvRules951383 0aPlay the game series951389 2ddccBK c16632d16632 00102ddc40718NFICaRUCLbRUCLcReadingd1970-10-22eZeitlingerg7.60l0o796.358 MCC 1965r2014-02-15 00:00:00tC-1w2014-02-15yBK